| 000 | 00567nam a2200181 i 4500 | ||
|---|---|---|---|
| 001 | 102897 | ||
| 003 | ES-MaACL | ||
| 005 | 20230906183217.0 | ||
| 007 | t| | ||
| 008 | 051215q18001899fr ||||1| fre d | ||
| 245 | 0 | 0 | _aÉtablissement des bains du Petit-St-Sauveur a Cauterets (Hautes-Pyrénées). |
| 260 |
_a[S.l. : _bs.n., _c18-?] |
||
| 300 |
_a8, [8] p. ; _c20 cm. |
||
| 596 | _aSin portada, título tomado de principio del texto. | ||
| 650 | 4 |
_aAguas minerales- _zFrancia. _9135524 |
|
| 650 | 0 | 4 |
_aBalnearios- _zFrancia. _910481 |
| 852 |
_aES-MaACL _jT-470-F-16 |
||
| 999 |
_c102897 _d102897 |
||